A study in public finance /

Bibliographic Details
Main Author: Pigou, A. C. (Arthur Cecil), 1877-1959
Format: Book
Language:English
Published: London : Macmillan & co. ltd., 1947.
Edition:3d (rev.) ed.
Subjects:

MARC

Tag First Indicator Second Indicator Subfields
LEADER 00000cam a22000001 4500
001 in00000057777
005 20151008050428.0
008 790405s1947 enka 00010 eng
010 |a  47003032  
019 |a 4916041 
035 |a (OCoLC)00252565 
035 |9 AAG0996AM 
040 |a DLC  |c DLC  |d TXA  |d UtOrBLW 
049 |a TXAM  |c [184440] 
050 0 0 |a HJ141  |b .P5 1947 
082 0 |a 336 
092 |a 336  |b P633s3 
100 1 |a Pigou, A. C.  |q (Arthur Cecil),  |d 1877-1959. 
245 1 2 |a A study in public finance /  |c by A. C. Pigou ... 
250 |a 3d (rev.) ed. 
264 1 |a London :  |b Macmillan & co. ltd.,  |c 1947. 
300 |a xviii, 285 pages :  |b diagrams ;  |c 22 cm. 
336 |a text  |b txt  |2 rdacontent 
337 |a unmediated  |b n  |2 rdamedia 
338 |a volume  |b nc  |2 rdacarrier 
500 |a "First edition, 1928." 
650 0 |a Finance, Public. 
650 0 |a Taxation. 
999 |a MARS 
999 f f |s 90a06a3f-1537-3aa3-8009-43639f357df4  |i ab425f87-df73-3e63-bba0-4f5913090808  |t 0 
952 f f |p ric  |a Texas A&M University  |b Rellis Campus  |c Joint Library Facility  |d Remote Storage  |t 0  |e HJ141 .P5 1947  |h Library of Congress classification  |i unmediated -- volume  |m A14800747463 
998 f f |a HJ141 .P5 1947  |t 0  |l Remote Storage